=LDR 00000nam 2200000 4500 =001 INLIS000000000033589 =005 20130612135531 =008 ***********************************ind** =035 ##$$a0010-061300000033589 =041 ##$$a ind =082 ##$$a 693.5 =090 ##$$a 693.5, Gur,b =100 ##$$a Gurki,J.Thambah Sembiring =245 ##$$a Beton Bertulang, J.Thambah Sembiring Gurki =260 ##$$a 2007 $b Bandung =300 ##$$a vi,313 hlm., 24cm =650 ##$$a Beton Bertulang =850 ##$$a NBPNMAT =990 ##$$a 0001/BPAP-NTB/20142014